| 000 | 00359cam a2200157 a 4500 | ||
|---|---|---|---|
| 020 | _a0679415793 : | ||
| 040 | _cDLC | ||
| 082 | 0 | 0 | _a813 RAN 1993 A097 Or. |
| 100 | 1 | _aWood, Barbara, | |
| 245 | 1 | 0 | _aVirgins of paradise / |
| 250 | _a1st ed. | ||
| 260 |
_aNew York : _bRandom House, _cc1993. |
||
| 300 |
_a521 p. ; _c25 cm. |
||
| 650 | 0 | _aWomen | |
| 942 | _cEK | ||
| 999 |
_c14431 _d14431 |
||